000 00283nam a22001337a 4500
008 181009b xxu||||| |||| 00| 0 eng d
020 _a9780073224626
041 _aeng
080 _a510
100 _a36
101 _aMAT
245 _aMathematics
_cBennett, A.B
942 _2udc
_cBK
999 _c49187
_d49187